000
00209 a2200097 4500
001
3721
100
_a
Pk Publishing
245
_a
Firest five year plan 1955-60
260
_a
_b
Pak Pub
_c
090
_c
2969
_d
2969
942
_a
NUST-CAE
_c
M
_c
21879
999
_c
238794
_d
238794